Economics for business (Record no. 744)

MARC details
000 -LEADER
fixed length control field 00586 a2200193 4500
001 - CONTROL NUMBER
control field 066731
003 - CONTROL NUMBER IDENTIFIER
control field OSt
005 - DATE AND TIME OF LATEST TRANSACTION
control field 20211006150145.0
008 - FIXED-LENGTH DATA ELEMENTS--GENERAL INFORMATION
fixed length control field
082 ## - DEWEY DECIMAL CLASSIFICATION NUMBER
Classification number 338.544
Item number A48E
100 1# - MAIN ENTRY--PERSONAL NAME
Personal name Appannaiah, H.R.
245 1# - TITLE STATEMENT
Title Economics for business
Statement of responsibility, etc by H.R. Appannaiah, S. Santhi and P.N. Reddy
260 ## - PUBLICATION, DISTRIBUTION, ETC. (IMPRINT)
Place of publication, distribution, etc Mumbai
Name of publisher, distributor, etc Himalaya Publishing
Date of publication, distribution, etc 2009
300 ## - PHYSICAL DESCRIPTION
Extent 503p.
690 ## - LOCAL SUBJECT ADDED ENTRY--TOPICAL TERM (OCLC, RLIN)
Topical term or geographic name as entry element Commerce; Economics; Business; Managerial economics; Great Britain; Economic policy; Commercial policy
700 ## - ADDED ENTRY--PERSONAL NAME
Personal name Santhi, S.
700 ## - ADDED ENTRY--PERSONAL NAME
Personal name Reddy, P.N.
942 ## - ADDED ENTRY ELEMENTS (KOHA)
Source of classification or shelving scheme Dewey Decimal Classification
Koha item type Books
Holdings
Withdrawn status Lost status Source of classification or shelving scheme Damaged status Not for loan Collection code Home library Current library Date acquired Source of acquisition Cost, normal purchase price Total Checkouts Full call number Barcode Date last seen Date checked out Price effective from Koha item type
    Dewey Decimal Classification     General Text Book Central University Of Rajasthan Central University Of Rajasthan 07/03/2012 MGM 398.00 1 338.544 A48E 1017 15/09/2025 12/09/2025 02/09/2020 Books